|
|
|
|
| LEADER |
00000nbm0a2200000 4500 |
| 001 |
143373 |
| 005 |
20231031143216.0 |
| 035 |
|
|
|a (RuTPU)RU\TPU\book\155370
|
| 090 |
|
|
|a 143373
|
| 100 |
|
|
|a 20080918d1966 k y0rusy50 ca
|
| 101 |
0 |
|
|a rus
|
| 102 |
|
|
|a RU
|
| 105 |
|
|
|a a m 001zy
|
| 200 |
1 |
|
|a Исследование электрических генераторов с каскадным соединением транспортеров-проводников
|e Диссертация на соискание ученой степени кандидата технических наук
|f В. Д. Эськов
|g Томский политехнический институт (ТПИ) ; науч. рук. В. А. Лукутин
|
| 210 |
|
|
|a Томск
|d 1966
|
| 215 |
|
|
|a 175 л.
|c ил.
|
| 320 |
|
|
|a Библиогр.: с. 169-173 (88 назв.)
|
| 610 |
1 |
|
|a диссертации
|
| 610 |
1 |
|
|a электростатические генераторы
|
| 610 |
1 |
|
|a каскадные соединения
|
| 610 |
1 |
|
|a транспортеры
|
| 610 |
1 |
|
|a проводники
|
| 610 |
1 |
|
|a схемы замещения
|
| 610 |
1 |
|
|a электрические характеристики
|
| 675 |
|
|
|a 621.313.12(04)
|v 3
|
| 700 |
|
1 |
|a Эськов
|b В. Д.
|
| 702 |
|
1 |
|a Лукутин
|b В. А.
|4 727
|
| 712 |
0 |
2 |
|a Томский политехнический институт (ТПИ)
|c (1944-1991)
|2 stltpush
|3 (RuTPU)RU\TPU\col\1123
|
| 801 |
|
1 |
|a RU
|b 63413507
|c 20080918
|g PSBO
|
| 801 |
|
2 |
|a RU
|b 63413507
|c 20210419
|g PSBO
|
| 942 |
|
|
|c BK
|